All 160 US Counties of Former Mexican Territories in 1854 with a Map - Statistics

General Stats
  • This quiz has been taken 774 times
  • The average score is 36 of 160
Answers on the Map
Answers color-coded by a green-red scale on the quiz's map according to % correct below.
 
Answer Stats
County % Correct
Los Angeles
91%
San Francisco
89%
San Diego
84%
Dallas
80%
El Paso
76%
Sacramento
75%
Houston
73%
Austin
68%
Great Salt Lake
62%
San Bernardino
60%
Santa Fe
59%
Santa Barbara
55%
Nevada
52%
Washington
49%
Jefferson
45%
Monterey
45%
Orange
45%
Utah
45%
Galveston
44%
Santa Clara
44%
Colorado
43%
Harris
43%
Santa Cruz
43%
Napa
40%
San Luis Obispo
40%
Jackson
37%
Alameda
35%
Sierra
35%
Madison
32%
Bexar
31%
Marin
31%
Tyler
31%
Contra Costa
30%
Humboldt
29%
Santa Ana
27%
Shasta
27%
Sonoma
27%
Travis
27%
San Joaquin
26%
Tarrant
26%
Johnson
25%
Yuba
25%
Denton
24%
Mariposa
24%
Mendocino
24%
Polk
24%
Trinity
24%
Davis
23%
El Dorado
23%
Tulare
23%
Yolo
23%
Hidalgo
22%
Harrison
21%
Siskiyou
21%
Smith
21%
Brazos
20%
Collin
20%
Placer
20%
Solano
20%
Stanislaus
20%
Bernalillo
19%
Butte
19%
Sutter
19%
Taos
19%
Tuolumne
19%
Victoria
18%
Amador
17%
Calaveras
17%
Nueces
17%
Plumas
17%
Uvalde
17%
Bowie
16%
Cameron
16%
Montgomery
16%
Red River
16%
San Miguel
16%
Starr
16%
Brazoria
15%
Colusa
15%
Fort Bend
15%
Guadalupe
15%
Webb
15%
Williamson
15%
Henderson
14%
Presidio
14%
Anderson
13%
Bell
13%
Calhoun
13%
Cherokee
13%
Doña Ana
13%
Matagorda
13%
Nacogdoches
13%
Newton
13%
Sabine
13%
Valencia
13%
Jasper
12%
Liberty
12%
Tooele
12%
Angelina
11%
Gonzales
11%
Hays
11%
Hill
11%
Iron
11%
Juab
11%
Kaufman
11%
Refugio
11%
San Patricio
11%
Socorro
11%
Summit
11%
Walker
11%
Wood
11%
Comal
10%
Ellis
10%
Fayette
10%
Goliad
10%
Grayson
10%
Hunt
10%
Klamath
10%
Lamar
10%
Lavaca
10%
Leon
10%
Millard
10%
Navarro
10%
Robertson
10%
San Augustine
10%
Sanpete
10%
Van Zandt
10%
Weber
10%
Wharton
10%
Bastrop
9%
Cass
9%
Grimes
9%
McLennan
9%
Rio Arriba
9%
Shelby
9%
Titus
9%
Burleson
8%
Burnet
8%
Falls
8%
Fannin
8%
Freestone
8%
Hopkins
8%
Karnes
8%
Kinney
8%
Limestone
8%
Medina
8%
Milam
8%
Panola
8%
Rusk
8%
Bosque
7%
Caldwell
7%
Cooke
7%
Coryell
7%
DeWitt
7%
Gillespie
7%
Upshur
7%
Desert
6%
Green River
5%
No matching quizzes found
Score Distribution
Percent of People with Each Score
Percentile by Number Answered
Your Score History
You have not taken this quiz